人口5000人以下の市町村(北海道編) - Statistics

General Stats
  • This quiz has been taken 164 times
  • The average score is 10 of 89
Answers on the Grid
Answers color-coded by a green-red scale on the quiz's grid according to % correct below.
夕張市
岩見沢市
美唄市
芦別市
赤平市
三笠市
滝川市
砂川市
歌志内市
深川市
南幌町
奈井江町
上砂川町
由仁町
長沼町
栗山町
月形町
浦臼町
新十津川町
妹背牛町
秩父別町
雨竜町
北竜町
沼田町
札幌市
江別市
千歳市
恵庭市
北広島市
石狩市
当別町
新篠津村
小樽市
島牧村
寿都町
黒松内町
蘭越町
ニセコ町
真狩村
留寿都村
喜茂別町
京極町
倶知安町
共和町
岩内町
泊村
神恵内村
積丹町
古平町
仁木町
余市町
赤井川村
室蘭市
苫小牧市
登別市
伊達市
豊浦町
壮瞥町
白老町
厚真町
洞爺湖町
安平町
むかわ町
日高町
平取町
新冠町
浦河町
様似町
えりも町
新ひだか町
函館市
北斗市
松前町
福島町
知内町
木古内町
七飯町
鹿部町
森町
八雲町
長万部町
江差町
上ノ国町
厚沢部町
乙部町
奥尻町
今金町
せたな町
旭川市
士別市
名寄市
富良野市
鷹栖町
東神楽町
当麻町
比布町
愛別町
上川町
東川町
美瑛町
上富良野町
中富良野町
南富良野町
占冠村
和寒町
剣淵町
下川町
美深町
音威子府村
中川町
幌加内町
留萌市
増毛町
小平町
苫前町
羽幌町
初山別村
遠別町
天塩町
稚内市
猿払村
浜頓別町
中頓別町
枝幸町
豊富町
礼文町
利尻町
利尻富士町
幌延町
北見市
網走市
紋別市
美幌町
津別町
斜里町
清里町
小清水町
訓子府町
置戸町
佐呂間町
遠軽町
湧別町
滝上町
興部町
西興部村
雄武町
大空町
帯広市
音更町
士幌町
上士幌町
鹿追町
新得町
清水町
芽室町
中札内村
更別村
大樹町
広尾町
幕別町
池田町
豊頃町
本別町
足寄町
陸別町
浦幌町
釧路市
釧路町
厚岸町
浜中町
標茶町
弟子屈町
鶴居村
白糠町
根室市
別海町
中標津町
標津町
羅臼町
 
Answer Stats
Answer % Correct
歌志内市
66%
新篠津村
32%
泊村
32%
初山別村
29%
利尻富士町
29%
真狩村
27%
留寿都村
27%
神恵内村
27%
赤井川村
27%
占冠村
27%
礼文町
27%
島牧村
26%
利尻町
26%
音威子府村
24%
西興部村
24%
鶴居村
23%
秩父別町
21%
中札内村
21%
上砂川町
19%
猿払村
19%
更別村
19%
浦臼町
18%
妹背牛町
18%
雨竜町
18%
北竜町
18%
羅臼町
18%
奈井江町
16%
奥尻町
13%
幌加内町
13%
遠別町
11%
中頓別町
11%
月形町
10%
積丹町
10%
壮瞥町
10%
由仁町
8%
沼田町
8%
古平町
8%
南富良野町
8%
天塩町
8%
浜頓別町
8%
訓子府町
8%
陸別町
8%
寿都町
6%
黒松内町
6%
喜茂別町
6%
京極町
6%
様似町
6%
比布町
6%
中川町
6%
小平町
6%
苫前町
6%
置戸町
6%
標津町
6%
豊浦町
5%
えりも町
5%
上ノ国町
5%
剣淵町
5%
幌延町
5%
興部町
5%
蘭越町
3%
仁木町
3%
平取町
3%
木古内町
3%
鹿部町
3%
乙部町
3%
上川町
3%
下川町
3%
豊富町
3%
津別町
3%
滝上町
3%
厚真町
2%
厚沢部町
2%
今金町
2%
愛別町
2%
中富良野町
2%
和寒町
2%
美深町
2%
増毛町
2%
佐呂間町
2%
雄武町
2%
豊頃町
2%
浦幌町
2%
福島町
0%
知内町
0%
長万部町
0%
枝幸町
0%
清里町
0%
小清水町
0%
上士幌町
0%
No matching quizzes found
Score Distribution
Percent of People with Each Score
Percentile by Number Answered
Your Score History
You have not taken this quiz